[Event "TUR-ch (Women)"]
[Site "Gaziantep"]
[Date "2024.03.06"]
[Round "6"]
[White "Yildiz, Elif Zeren"]
[Black "Mustu, Hatice Asli"]
[Result "1/2-1/2"]
[WhiteElo "1849"]
[BlackElo "1917"]
[PlyCount "81"]
[EventDate "2024.03.03"]
[EventType "swiss"]
[EventRounds "9"]
[EventCountry "TUR"]
[SourceTitle "CB11_2024"]
[SourceDate "2024.03.13"]
[SourceVersion "1"]
[SourceVersionDate "2024.03.13"]
[SourceQuality "1"]

1. e4 c5 2. Nf3 Nc6 3. d4 cxd4 4. Nxd4 Nf6 5. Nc3 e5 6. Ndb5 d6 7. Bg5 a6 8. Na3 b5 9. Nd5 Be7 10. Bxf6 Bxf6 11. c3 0-0 12. Nc2 Bg5 13. a4 Rb8 14. axb5 axb5 15. Bd3 Be6 16. Ncb4 Nxb4 17. Nxb4 Qd7 18. 0-0 g6 19. Ra6 Qb7 20. Qa1 Rfc8 21. Ra7 Qb6 22. Qa6 Bd8 23. Qxb6 Bxb6 24. Ra6 Kg7 25. Rfa1 Rb7 26. Bxb5 Bc5 27. Bf1 Bxb4 28. cxb4 Rxb4 29. Rxd6 Rxb2 30. f3 Rcc2 31. Rad1 h5 32. h4 Ra2 33. Rd8 Kf6 34. Rh8 Bb3 35. Rb1 Be6 36. Rd1 Ke7 37. Rb8 Kf6 38. Rh8 Rab2 39. Rg8 Rf2 40. Rh8 Rfc2 41. Rg8 1/2-1/2

[Event "TUR-ch U20"]
[Site "Samsun"]
[Date "2023.05.22"]
[Round "5"]
[White "Simsek, Ayaz"]
[Black "Yildiz, Elif Zeren"]
[Result "1/2-1/2"]
[WhiteElo "1474"]
[BlackElo "1722"]
[PlyCount "37"]
[EventDate "2023.05.19"]
[EventType "swiss"]
[EventRounds "9"]
[EventCountry "TUR"]
[SourceTitle "CBM 214 Extra"]
[Source "ChessBase"]
[SourceDate "2023.07.31"]
[SourceVersion "1"]
[SourceVersionDate "2023.07.31"]
[SourceQuality "1"]

1. e4 g6 2. d4 Bg7 3. Nf3 d6 4. Bd3 Nd7 5. 0-0 e5 6. dxe5 dxe5 7. Nbd2 Nc5 8. Nc4 Qe7 9. a4 Bg4 10. b3 0-0-0 11. Ba3 f6 12. Qe2 Bf8 13. h3 Bxf3 14. Qxf3 Qg7 15. Qe3 Rd4 16. Bb2 Rd8 17. Ba3 Rd4 18. Bb2 Rd8 19. Ba3 1/2-1/2

[Event "World School-ch U15 Girls"]
[Site "Rhodes"]
[Date "2023.04.22"]
[Round "9"]
[White "Yildiz, Elif Zeren"]
[Black "Rouda Essa, Alserkal"]
[Result "1/2-1/2"]
[WhiteElo "1673"]
[BlackElo "1747"]
[PlyCount "85"]
[EventDate "2023.04.14"]
[EventType "swiss"]
[EventRounds "9"]
[EventCountry "GRE"]
[SourceTitle "EXT 2024"]
[Source "ChessBase"]
[SourceDate "2023.10.10"]
[SourceVersion "1"]
[SourceVersionDate "2023.10.10"]
[SourceQuality "1"]

1. d4 Nf6 2. Nf3 e6 3. Bf4 d5 4. e3 Be7 5. Bd3 0-0 6. Nbd2 c5 7. c3 Nc6 8. Ne5 Bd6 9. Bg3 cxd4 10. exd4 Bxe5 11. dxe5 Nd7 12. Nf3 f5 13. exf6 Qxf6 14. Bc2 Nb6 15. Qd3 Qh6 16. 0-0 Bd7 17. Rfe1 Rad8 18. Bb3 Nc8 19. Ne5 Nxe5 20. Bxe5 Be8 21. Qe3 Qg6 22. Bd4 Bf7 23. Bc5 Nd6 24. Qe5 Ne4 25. Bxf8 Rxf8 26. Bc2 Qf6 27. Qxf6 Nxf6 28. Rad1 Rc8 29. Rd4 Rc6 30. f4 Nd7 31. Ba4 Rc7 32. Bxd7 Rxd7 33. c4 Kf8 34. cxd5 exd5 35. Rc1 Ke7 36. Rc8 Kf6 37. g4 g5 38. fxg5+ Ke5 39. Rd1 d4 40. b3 d3 41. Kf2 Kd4 42. h3 Bd5 43. Rd2 1/2-1/2

[Event "World School-ch U15 Girls"]
[Site "Rhodes"]
[Date "2023.04.21"]
[Round "8"]
[White "Nandin, Erdene Davaadembere"]
[Black "Yildiz, Elif Zeren"]
[Result "0-1"]
[WhiteElo "1991"]
[BlackElo "1673"]
[PlyCount "100"]
[EventDate "2023.04.14"]
[EventType "swiss"]
[EventRounds "9"]
[EventCountry "GRE"]
[SourceTitle "EXT 2024"]
[Source "ChessBase"]
[SourceDate "2023.10.10"]
[SourceVersion "1"]
[SourceVersionDate "2023.10.10"]
[SourceQuality "1"]

1. e4 g6 2. d4 Bg7 3. Nc3 d6 4. Be3 a6 5. h4 h6 6. Qd2 b5 7. a3 Nd7 8. f3 Bb7 9. Nge2 Rc8 10. Ng3 e6 11. h5 g5 12. Be2 c5 13. d5 exd5 14. exd5 Ne7 15. Bd3 Ne5 16. Bf5 Rc7 17. Qe2 Bc8 18. Bxc8 Rxc8 19. 0-0 Qd7 20. Rab1 Nc4 21. Bd2 Nxd2 22. Qxd2 Be5 23. Nce2 0-0 24. f4 gxf4 25. Nxf4 Qg4 26. Nge2 Kh7 27. Rf3 Rg8 28. Rg3 Bxf4 29. Qd3+ Qf5 30. Nxf4 Rxg3 31. Qxg3 Nxd5 32. Rf1 Rg8 33. Nxd5 Qxf1+ 34. Kxf1 Rxg3 35. Nf6+ Kg7 36. Ne4 Rg4 37. Nxd6 Kf6 38. Nb7 Rg5 39. c3 Ke7 40. Na5 Rf5+ 41. Ke2 Rxh5 42. Nc6+ Kd6 43. Nd8 Re5+ 44. Kf3 Re7 45. Kf4 Kc7 46. Nxf7 Rxf7+ 47. Ke5 Rg7 48. Kd5 Rg5+ 49. Ke6 Rxg2 50. Kf5 Rg5+ 0-1

[Event "World School-ch U15 Girls"]
[Site "Rhodes"]
[Date "2023.04.20"]
[Round "7"]
[White "Eshkol, Lilian"]
[Black "Yildiz, Elif Zeren"]
[Result "0-1"]
[WhiteElo "1480"]
[BlackElo "1673"]
[PlyCount "96"]
[EventDate "2023.04.14"]
[EventType "swiss"]
[EventRounds "9"]
[EventCountry "GRE"]
[SourceTitle "EXT 2024"]
[Source "ChessBase"]
[SourceDate "2023.10.10"]
[SourceVersion "1"]
[SourceVersionDate "2023.10.10"]
[SourceQuality "1"]

1. d4 d6 2. c4 g6 3. Nf3 Bg7 4. b3 c5 5. Bb2 Nc6 6. e3 Nf6 7. dxc5 dxc5 8. Qxd8+ Nxd8 9. Nbd2 0-0 10. Bd3 b6 11. 0-0-0 Bb7 12. h3 Ne6 13. Rhg1 Rfd8 14. Bc2 Ne8 15. Ne5 f6 16. Nef3 Nd6 17. g4 a6 18. h4 b5 19. Bd3 Nxc4 20. Bxc4 bxc4 21. bxc4 Nf8 22. Rg3 Kf7 23. Nb3 Rxd1+ 24. Kxd1 Rd8+ 25. Ke2 Nd7 26. Ba3 Bf8 27. Nfd2 Rc8 28. f4 e5 29. f5 e4 30. Bb2 Bd6 31. Rg2 Be5 32. Bxe5 Nxe5 33. Na5 Ba8 34. Rg1 Rg8 35. fxg6+ Rxg6 36. g5 h6 37. Ndb3 Nd3 38. Rh1 Kg8 39. Rh2 hxg5 40. hxg5 Rxg5 41. Kf1 Rg3 42. Ke2 Kg7 43. a3 Rg1 44. Rh5 Rg5 45. Rh2 f5 46. Rh4 Rg2+ 47. Kd1 f4 48. exf4 e3 0-1

[Event "World School-ch U15 Girls"]
[Site "Rhodes"]
[Date "2023.04.18"]
[Round "5"]
[White "Suerkulova, Daniya"]
[Black "Yildiz, Elif Zeren"]
[Result "0-1"]
[WhiteElo "1308"]
[BlackElo "1673"]
[PlyCount "60"]
[EventDate "2023.04.14"]
[EventType "swiss"]
[EventRounds "9"]
[EventCountry "GRE"]
[SourceTitle "EXT 2024"]
[Source "ChessBase"]
[SourceDate "2023.10.10"]
[SourceVersion "1"]
[SourceVersionDate "2023.10.10"]
[SourceQuality "1"]

1. e4 c5 2. Nf3 d6 3. d4 cxd4 4. Nxd4 Nf6 5. Nc3 a6 6. f4 e6 7. Qf3 Qc7 8. g4 Nc6 9. Nxc6 Qxc6 10. a4 b6 11. g5 Nd7 12. Be2 Bb7 13. Rf1 Nc5 14. Qe3 h6 15. g6 fxg6 16. Rg1 Be7 17. Rxg6 Bh4+ 18. Kd1 Bf6 19. Bc4 0-0-0 20. Ke2 d5 21. exd5 exd5 22. Bxd5 Rxd5 23. Nxd5 Qxd5 24. Qh3+ Kb8 25. Be3 Qc4+ 26. Ke1 Qxc2 27. Rxf6 gxf6 28. Qg3 Re8 29. f5+ Ka8 30. Rd1 Nd3+ 0-1

[Event "World School-ch U15 Girls"]
[Site "Rhodes"]
[Date "2023.04.16"]
[Round "3"]
[White "Kirtadze, Anastasia"]
[Black "Yildiz, Elif Zeren"]
[Result "1/2-1/2"]
[WhiteElo "1949"]
[BlackElo "1673"]
[PlyCount "70"]
[EventDate "2023.04.14"]
[EventType "swiss"]
[EventRounds "9"]
[EventCountry "GRE"]
[SourceTitle "EXT 2024"]
[Source "ChessBase"]
[SourceDate "2023.10.10"]
[SourceVersion "1"]
[SourceVersionDate "2023.10.10"]
[SourceQuality "1"]

1. e4 c5 2. Nc3 Nc6 3. Nf3 e6 4. d4 cxd4 5. Nxd4 a6 6. Nxc6 bxc6 7. e5 Qc7 8. Qe2 a5 9. Qe3 Nh6 10. Qe4 Nf5 11. g3 Rb8 12. f4 Bc5 13. Bd3 Qb6 14. Qe2 h5 15. Ne4 Be7 16. c3 Bb7 17. Nd2 Ne3 18. Nf3 Nf5 19. Nd2 Ne3 20. Nc4 Nxc4 21. Bxc4 c5 22. Rf1 h4 23. g4 h3 24. g5 Bg2 25. Rf2 0-0 26. Be3 d5 27. Bd3 g6 28. Rb1 d4 29. cxd4 cxd4 30. Bd2 Rfc8 31. Qd1 Bb4 32. Qa4 Bc6 33. Qd1 Bg2 34. Qa4 Bc6 35. Qd1 Bg2 1/2-1/2

[Event "EU-ch U14 Girls 30th"]
[Site "Antalya"]
[Date "2022.11.12"]
[Round "7"]
[White "Yildiz, Elif Zeren"]
[Black "Bursali, Ela"]
[Result "1/2-1/2"]
[WhiteElo "1679"]
[BlackElo "1369"]
[PlyCount "75"]
[EventDate "2022.11.06"]
[EventType "swiss"]
[EventRounds "9"]
[EventCountry "TUR"]
[SourceTitle "CBM 211 Extra"]
[Source "ChessBase"]
[SourceDate "2023.01.31"]
[SourceVersion "1"]
[SourceVersionDate "2023.01.31"]
[SourceQuality "1"]

1. b3 d5 2. Bb2 Nc6 3. Nf3 Nf6 4. e3 Bg4 5. d4 e6 6. Be2 Be7 7. 0-0 0-0 8. c4 Nb8 9. Nbd2 Nbd7 10. Ne5 Bf5 11. Ndf3 Ne4 12. Nxd7 Qxd7 13. Ne5 Qd8 14. f3 Nf6 15. c5 Nd7 16. Nxd7 Qxd7 17. b4 b5 18. a4 a6 19. Ra3 c6 20. Qa1 Qb7 21. Qa2 Bc2 22. axb5 axb5 23. Ra1 Rxa3 24. Qxa3 Ba4 25. Qc3 f5 26. Rf1 Bf6 27. Bd3 Rd8 28. Bb1 Qf7 29. Qd3 Qe7 30. Kh1 g6 31. g4 fxg4 32. fxg4 Rf8 33. e4 Bh4 34. Rxf8+ Qxf8 35. exd5 exd5 36. Qe2 Qf7 37. Kg2 Bb3 38. Bd3 1/2-1/2

[Event "EU-ch U14 Girls 30th"]
[Site "Antalya"]
[Date "2022.11.10"]
[Round "5"]
[White "Yildiz, Elif Zeren"]
[Black "Mkrtchyan, Anahit H"]
[Result "1-0"]
[WhiteElo "1679"]
[BlackElo "1283"]
[PlyCount "58"]
[EventDate "2022.11.06"]
[EventType "swiss"]
[EventRounds "9"]
[EventCountry "TUR"]
[SourceTitle "CBM 211 Extra"]
[Source "ChessBase"]
[SourceDate "2023.01.31"]
[SourceVersion "1"]
[SourceVersionDate "2023.01.31"]
[SourceQuality "1"]

1. e4 c5 2. Nf3 Nc6 3. Bb5 g6 4. 0-0 Bg7 5. Re1 d6 6. h3 Bd7 7. a4 Qc7 8. c3 Nf6 9. d4 cxd4 10. cxd4 0-0 11. Nc3 a6 12. Bd3 Nb4 13. Be3 Nxd3 14. Qxd3 Qa5 15. Bd2 Qh5 16. Ne2 d5 17. e5 Ne4 18. Nf4 Qh6 19. Be3 Ng5 20. Nxg5 Qxg5 21. Ne6 Qh5 22. Nxf8 Rxf8 23. Rec1 f6 24. Rc7 Bf5 25. Qb3 fxe5 26. Qxd5+ Kh8 27. Rxe7 Bf6 28. Rf7 Rd8 29. Qxb7 Bxh3 1-0

[Event "Nizami Ganjavi 880 years U17"]
[Site "Tornelo INT"]
[Date "2021.04.04"]
[Round "8.1"]
[White "Yildiz, Elif Zeren"]
[Black "Mohammadi, Melika"]
[Result "1/2-1/2"]
[WhiteElo "1559"]
[BlackElo "1745"]
[PlyCount "79"]
[EventDate "2021.04.02"]
[EventType "team-swiss (blitz)"]
[EventRounds "9"]
[EventCountry "AZE"]
[SourceTitle "EXT 2023"]
[Source "ChessBase"]
[SourceDate "2022.10.05"]
[SourceVersion "1"]
[SourceVersionDate "2022.10.05"]
[SourceQuality "1"]
[WhiteTeam "Turkey"]
[BlackTeam "Iran"]
[WhiteTeamCountry "TUR"]
[BlackTeamCountry "IRI"]

1. e4 e5 2. Nf3 Nc6 3. Bc4 Nf6 4. d4 exd4 5. e5 d5 6. Bb5 Ne4 7. Nxd4 Bc5 8. Be3 Bd7 9. Bxc6 bxc6 10. 0-0 Bb6 11. c3 0-0 12. Nd2 Nxd2 13. Qxd2 Qe7 14. f4 c5 15. Nb3 Bc6 16. Qf2 c4 17. Nc5 Rfe8 18. Bd4 Bxc5 19. Bxc5 Qe6 20. Bd4 Qf5 21. Qh4 Bd7 22. h3 Rab8 23. g4 Qe4 24. Rae1 Qd3 25. Rf2 Qg6 26. f5 Qh6 27. Qg3 Rb5 28. Be3 Qc6 29. f6 d4 30. Bxd4 Qd5 31. fxg7 Bc6 32. Kh2 Reb8 33. Qf4 Rxb2 34. Ref1 Qg2+ 35. Rxg2 Rxg2+ 36. Kh1 Rf2+ 37. Kg1 Rg2+ 38. Kh1 Rf2+ 39. Kg1 Rg2+ 40. Kh1 1/2-1/2

[Event "Nizami Ganjavi 880 years U17"]
[Site "Tornelo INT"]
[Date "2021.04.03"]
[Round "6.3"]
[White "Yildiz, Elif Zeren"]
[Black "Abdinova, Narmin"]
[Result "0-1"]
[WhiteElo "1559"]
[BlackElo "1621"]
[PlyCount "118"]
[EventDate "2021.04.02"]
[EventType "team-swiss (blitz)"]
[EventRounds "9"]
[EventCountry "AZE"]
[SourceTitle "EXT 2023"]
[Source "ChessBase"]
[SourceDate "2022.10.05"]
[SourceVersion "1"]
[SourceVersionDate "2022.10.05"]
[SourceQuality "1"]
[WhiteTeam "Turkey"]
[BlackTeam "Azerbaijan"]
[WhiteTeamCountry "TUR"]
[BlackTeamCountry "AZE"]

1. e4 c6 2. d4 d5 3. Nc3 dxe4 4. Nxe4 Bf5 5. Ng3 Bg6 6. Nh3 e5 7. dxe5 Qa5+ 8. c3 Qxe5+ 9. Be2 Nf6 10. 0-0 Nbd7 11. Bf4 Qa5 12. b4 Qb6 13. Be3 Qc7 14. Nf4 Bd6 15. Qc1 0-0 16. Rd1 Rad8 17. h4 Rfe8 18. h5 Be4 19. Nxe4 Nxe4 20. Nh3 Be5 21. Bd4 Bxd4 22. Rxd4 Nxc3 23. Qxc3 Rxe2 24. Rad1 Re7 25. Qd2 Rde8 26. g3 Ne5 27. Qf4 h6 28. Kg2 Qc8 29. Re4 Nd3 30. Rxd3 Rxe4 31. Qd6 Qe6 32. Qc5 b6 33. Qc3 Re5 34. Nf4 Qf6 35. Qd2 c5 36. bxc5 Rxc5 37. Rd6 Qe5 38. Rd7 Rc7 39. Rd5 Qe4+ 40. f3 Qc2 41. Kh3 Qxd2 42. Rxd2 Kh7 43. g4 b5 44. Kg3 Rb7 45. Rb2 a6 46. Nd3 Rc8 47. a4 Rcc7 48. axb5 axb5 49. Nb4 Rc3 50. Nd5 Rd3 51. Nb4 Rd6 52. Kf4 f6 53. Nc2 Rc6 54. Ne3 b4 55. Ke4 b3 56. Kd3 Rd7+ 57. Ke2 Rc3 58. Nd1 Rc2+ 59. Ke1 Rxd1+ 0-1

[Event "EU-ch Online U12 Girls"]
[Site "Tornelo INT"]
[Date "2020.09.20"]
[Round "8"]
[White "Shukhman, Anna"]
[Black "Yildiz, Elif Zeren"]
[Result "1-0"]
[WhiteElo "1778"]
[BlackElo "1304"]
[PlyCount "41"]
[EventDate "2020.09.18"]
[EventType "swiss (rapid)"]
[EventRounds "9"]
[EventCountry "NET"]
[SourceTitle "EXT 2023"]
[Source "ChessBase"]
[SourceDate "2022.10.05"]
[SourceVersion "1"]
[SourceVersionDate "2022.10.05"]
[SourceQuality "1"]
[WhiteTeam "Russia"]
[BlackTeam "Turkey"]
[WhiteTeamCountry "RUS"]
[BlackTeamCountry "TUR"]

1. e4 c5 2. Nf3 e6 3. d4 cxd4 4. Nxd4 Nf6 5. Nc3 Bb4 6. e5 Nd5 7. Bd2 Bxc3 8. bxc3 0-0 9. c4 Ne7 10. Bd3 Nbc6 11. Nf3 g6 12. Bg5 Qa5+ 13. Kf1 Nf5 14. Bf6 h6 15. Qc1 Kh7 16. Qf4 Qc3 17. Re1 Nb4 18. Bxf5 exf5 19. Re3 Qa1+ 20. Ne1 Nxc2 21. Qxh6+ 1-0

[Event "TUR-chT 1st League"]
[Site "Konya"]
[Date "2019.07.23"]
[Round "3.7"]
[White "Yildiz, Elif Zeren"]
[Black "Solozhenkina, Elizaveta"]
[Result "0-1"]
[WhiteElo "1490"]
[BlackElo "2324"]
[PlyCount "56"]
[EventDate "2019.07.22"]
[EventType "team-swiss"]
[EventRounds "9"]
[EventCountry "TUR"]
[SourceTitle "CBM 191 Extra"]
[Source "ChessBase"]
[SourceDate "2019.09.30"]
[SourceVersion "1"]
[SourceVersionDate "2019.09.30"]
[SourceQuality "1"]
[WhiteTeam "Karaman Saglik"]
[BlackTeam "Olbia Satranc"]
[WhiteTeamCountry "TUR"]
[BlackTeamCountry "TUR"]

1. e4 c5 2. Nf3 d6 3. d4 cxd4 4. Qxd4 Nf6 5. Bg5 Nc6 6. Bb5 Nd7 7. Bxc6 bxc6 8. 0-0 h6 9. Be3 e5 10. Qd3 Be7 11. c4 0-0 12. Nc3 a5 13. b3 Qc7 14. Nd2 Nc5 15. Qe2 Ne6 16. Nf3 f5 17. exf5 Rxf5 18. Rad1 Ba6 19. Qc2 Raf8 20. Rfe1 Bc8 21. Ne4 Nf4 22. Ng3 Nxg2 23. Kxg2 Rxf3 24. Bxh6 Rxf2+ 25. Qxf2 Bh3+ 26. Kg1 Rxf2 27. Kxf2 gxh6 28. Rd3 d5 0-1

[Event "TUR-chT 1st League"]
[Site "Konya"]
[Date "2019.07.22"]
[Round "1.5"]
[White "Tandogan, Buket"]
[Black "Yildiz, Elif Zeren"]
[Result "0-1"]
[WhiteElo "1859"]
[BlackElo "1490"]
[PlyCount "78"]
[EventDate "2019.07.22"]
[EventType "team-swiss"]
[EventRounds "9"]
[EventCountry "TUR"]
[SourceTitle "CBM 191 Extra"]
[Source "ChessBase"]
[SourceDate "2019.09.30"]
[SourceVersion "1"]
[SourceVersionDate "2019.09.30"]
[SourceQuality "1"]
[WhiteTeam "Ankara Dernegi"]
[BlackTeam "Karaman Saglik"]
[WhiteTeamCountry "TUR"]
[BlackTeamCountry "TUR"]

1. b3 e5 2. Bb2 f6 3. Nf3 d5 4. g3 Be6 5. Bg2 Qd7 6. 0-0 Nc6 7. d3 0-0-0 8. Nbd2 g5 9. c4 h5 10. Rc1 h4 11. cxd5 Bxd5 12. Ne4 hxg3 13. fxg3 Qh7 14. Qe1 Be7 15. h3 g4 16. Nh4 f5 17. Nxf5 gxh3 18. Nxe7+ Ngxe7 19. Bf3 Qg6 20. Kh2 Nf5 21. e3 Rhg8 22. Rg1 Qh6 23. b4 Nxe3 24. b5 Nd4 25. Bxd4 exd4 26. Qa5 Qb6 27. Qxb6 axb6 28. Be2 Rdf8 29. Bd1 Bxe4 30. dxe4 Rf2+ 31. Kh1 h2 32. Re1 Rxg3 33. Bb3 Rfg2 34. e5 Rg7 35. Be6+ Kd8 36. Bh3 Rf2 37. Rb1 Rh7 38. Be6 Rh6 39. Bb3 Nf5 0-1

[Event "Wch U10 Girls"]
[Site "Santiago de Compostela"]
[Date "2018.11.13"]
[Round "9"]
[White "Yildiz, Elif Zeren"]
[Black "Shvedova, Alexandra"]
[Result "0-1"]
[WhiteElo "1448"]
[BlackElo "1782"]
[PlyCount "62"]
[EventDate "2018.11.04"]
[EventType "swiss"]
[EventRounds "11"]
[EventCountry "ESP"]
[SourceTitle "EXT 2022"]
[Source "ChessBase"]
[SourceDate "2021.10.06"]
[SourceVersion "1"]
[SourceVersionDate "2021.10.06"]
[SourceQuality "1"]

1. e4 e5 2. Nf3 Nc6 3. Bc4 Bc5 4. 0-0 Nf6 5. d4 Bxd4 6. Nxd4 Nxd4 7. f4 d6 8. fxe5 dxe5 9. Bg5 Qe7 10. Na3 Be6 11. c3 Bxc4 12. Nxc4 Ne6 13. Bxf6 Qc5+ 14. Kh1 Qxc4 15. Bxe5 Qxe4 16. Bxc7 0-0 17. Re1 Qc6 18. Bg3 Rad8 19. Qe2 Nc5 20. Rad1 Ne4 21. Rxd8 Nxg3+ 22. hxg3 Rxd8 23. Qe7 Rf8 24. Rd1 Re8 25. Rd8 Qh6+ 26. Kg1 Qb6+ 27. Kh2 Rxd8 28. Qe2 Qe6 29. Qc2 Qh6+ 30. Kg1 Qe3+ 31. Kh2 Rd6 0-1